An introduction to geological maps (Record no. 89017)

MARC details
000 -LEADER
fixed length control field 00498cam a2200205 4500
008 - FIXED-LENGTH DATA ELEMENTS--GENERAL INFORMATION
fixed length control field 090401t1973 xxu||||| |||| 00| 0 eng d
020 ## - INTERNATIONAL STANDARD BOOK NUMBER
International Standard Book Number 0045500185
035 ## - SYSTEM CONTROL NUMBER
System control number (Sirsi) u26959
041 ## - LANGUAGE CODE
Language code of text/sound track or separate title eng
050 ## - LIBRARY OF CONGRESS CALL NUMBER
Classification number 551.8
100 ## - MAIN ENTRY--PERSONAL NAME
Personal name Thomas, John Albert Gay
245 #3 - TITLE STATEMENT
Title An introduction to geological maps
250 ## - EDITION STATEMENT
Edition statement Metricated
260 ## - PUBLICATION, DISTRIBUTION, ETC.
Place of publication, distribution, etc. London
Name of publisher, distributor, etc. Murby
Date of publication, distribution, etc. 1973
300 ## - PHYSICAL DESCRIPTION
Extent 64p. ill. maps. 25cm
350 ## - PRICE (NR) (BK AM CF MU VM SE) [OBSOLETE]
Price 0.7
520 ## - SUMMARY, ETC.
Summary, etc. Previous ed: 1966
942 ## - ADDED ENTRY ELEMENTS (KOHA)
Suppress in OPAC 0
948 ## - LOCAL PROCESSING INFORMATION (OCLC); SERIES PART DESIGNATOR (RLIN)
c (OCLC) 04/03/1997
Holdings
Withdrawn status Lost status Source of classification or shelving scheme Damaged status Not for loan Home library Current library Shelving location Date acquired Cost, normal purchase price Total Checkouts Full call number Barcode Date last seen Date last checked out Copy number Cost, replacement price Price effective from Koha item type
    Dewey Decimal Classification     London London Books 14/09/1999 0.70 1 551.8 30017621 06/08/2019 21/11/2000 1 0.70 06/08/2019 Book